Λαογραφικό πολύπτυχο
Saved in:
| Main Author: | |
|---|---|
| Format: | Book |
| Language: | Greek |
| Published: |
Μυτιλήνη :
Εντελέχεια,
[20--?].
|
| Subjects: | |
| Tags: |
Add Tag
No Tags, Be the first to tag this record!
|
MARC
| LEADER | 00000nam a2200000 a 4500 | ||
|---|---|---|---|
| 001 | 1/126641 | ||
| 008 | 230523nyyyy####gr a ||| |||| ||gre|| | ||
| 020 | |a 9789607886057 | ||
| 040 | |a GR-MyUa |b gre |c GR-MyUa |e AACR2 | ||
| 041 | 0 | |a gre | |
| 082 | 7 | |a 398.09495 |2 (23) | |
| 100 | 1 | |a Μολίνος, Στρατής Αλ., |d 1940- | |
| 245 | 1 | 0 | |a Λαογραφικό πολύπτυχο / |c Στρατής Αλ. Μολίνος. |
| 260 | |a Μυτιλήνη : |b Εντελέχεια, |c [20--?]. | ||
| 300 | |a 118 σ. : |b εικ. ; |c 21 εκ. | ||
| 504 | |a Βιβλιογραφία: σ. 117. | ||
| 650 | 0 | |a Folklore |z Greece |z Lesbos (Municipality) | |
| 651 | 0 | |a Lesbos (Greece : Nome) |x Social life and customs. | |
| 852 | |a INST |b LESVOS |e 20230523 |h 398.09495 ΜΟΛ |p 005100064577 |q 005100064577 |t BK |y 0 | ||
| 970 | |a Καμάτσου |b Δέσποινα |z 23-05-2023 | ||